000 00344cam a22001337a 4500
008 180718b1966 xxu||||| |||| 00| 0 eng d
082 _aP953 D434
100 _aDent, W.
245 _aPractical cataloguing: an examination handbook
_cby W. Dent
260 _aBombay
_bAsia
_c1966
300 _a83p.
500 _aRs.10.00
650 _aCataloguing
999 _c363853
_d363853